000 00700nam a2200229 a 4500
001 53404
003 BD-RjUL
005 20211209075945.0
008 161006s1972 nyua bs 001 0 eng
035 _a(BD-RjUL)53524
040 _aDLC
_cDLC
_dDLC
_dBD-RjUL
_beng
041 _aeng
082 0 0 _a658.8342
_223
_bHAC 1972
100 1 _aHansen, Flemming
_9159624
245 1 0 _aConsumer choice behavior:
_b a cognitive theory /
_cFlemming Hansen
260 _aNew York :
_bFree Press,
_cc1972
300 _axi, 548 p. :
_bill. ;
_c24 cm.
504 _a Inciudes Bibliography: p. 493-538 and Index
650 0 _aConsumption (Economics)
_9159625
650 0 _aConsumer behavior.
_9159626
942 _2ddc
_cBK
999 _c53404
_d53404